| Tag |
First Indicator |
Second Indicator |
Subfields |
| LEADER |
00000pam a2200000 a 4500 |
| 001 |
in00000429521 |
| 005 |
20151012072353.0 |
| 008 |
851030s1986 maub b s00110 eng |
| 010 |
|
|
|a 85024630
|
| 020 |
|
|
|a 0870235168 (alk. paper) :
|c $30.00
|
| 035 |
|
|
|a (OCoLC)12837866
|
| 035 |
|
|
|9 ABW8973AM
|
| 040 |
|
|
|a DLC
|c DLC
|d TXA
|d UtOrBLW
|
| 043 |
|
|
|a n-us-ma
|
| 049 |
|
|
|a TXAM
|c [A10028837]
|
| 050 |
0 |
0 |
|a HQ18.U5
|b T49 1986
|
| 082 |
0 |
|
|a 306.7/097444
|2 19
|
| 100 |
1 |
|
|a Thompson, Roger,
|d 1933-
|
| 245 |
1 |
0 |
|a Sex in Middlesex :
|b popular mores in a Massachusetts county, 1649-1699 /
|c Roger Thompson ; foreword by David D. Hall.
|
| 264 |
|
1 |
|a Amherst :
|b University of Massachusetts Press,
|c 1986.
|
| 300 |
|
|
|a xix, 252 pages :
|b map ;
|c 23 cm.
|
| 336 |
|
|
|a text
|b txt
|2 rdacontent
|
| 337 |
|
|
|a unmediated
|b n
|2 rdamedia
|
| 338 |
|
|
|a volume
|b nc
|2 rdacarrier
|
| 504 |
|
|
|a Includes bibliographical references and index.
|
| 650 |
|
0 |
|a Sex customs
|z Massachusetts
|z Middlesex County
|x History
|y 17th century.
|
| 650 |
|
0 |
|a Sexual ethics
|z Massachusetts
|z Middlesex County
|x History
|y 17th century.
|
| 650 |
|
0 |
|a Sex crimes
|z Massachusetts
|z Middlesex County
|x History
|y 17th century.
|
| 650 |
|
0 |
|a Puritans
|z Massachusetts
|z Middlesex County
|x History
|y 17th century.
|
| 650 |
|
0 |
|a Families
|z Massachusetts
|z Middlesex County
|x History
|y 17th century.
|
| 999 |
|
|
|a MARS
|
| 999 |
f |
f |
|s 5fb02098-7f99-352b-b4ee-21b411cde5ea
|i f284b00c-b3dd-3370-978a-0f673047fa90
|t 0
|
| 952 |
f |
f |
|p ric
|a Texas A&M University
|b Rellis Campus
|c Joint Library Facility
|d Remote Storage
|t 0
|e HQ18.U5 T49 1986
|h Library of Congress classification
|i unmediated -- volume
|m A14810028837
|
| 998 |
f |
f |
|a HQ18.U5 T49 1986
|t 0
|l Remote Storage
|